| 000 | 02012nam a2200481 a 4500 | ||
|---|---|---|---|
| 001 | 20672 | ||
| 003 | VRT | ||
| 005 | 20260128151222.0 | ||
| 008 | 240226s2003 xo a slo | ||
| 015 | _aSNBA2006/04-02147 | ||
| 020 |
_a8085258293 _q(viaz.) |
||
| 035 | _aSNK000205151 | ||
| 035 | _aD00ABE0D-15D1-4A9D-97BC-8143A932AE7B | ||
| 035 | _aurn:nbn:sk:snk-am00a0za | ||
| 035 | _aurn:nbn:sk:snk-am3hcnv | ||
| 035 | _a7B94B48E-B014-495B-88F2-E2A4C20E3555 | ||
| 035 | _aurn:nbn:sk:snk-am00a1mj | ||
| 039 | 9 |
_a202402261851 _bVLOAD _c202107010930 _dVLOAD _c202106300849 _dVLOAD _c202106231941 _dVLOAD |
|
| 040 |
_aSNK _bslo _cSNK _eAACR2 |
||
| 041 | 0 | _aslo | |
| 044 |
_axo _cSK |
||
| 072 | 7 |
_a641 Kuchárstvo. Potraviny. Varené jedlá _2konspekt |
|
| 080 |
_a(083.12) _21981 |
||
| 080 |
_a641.5 _21981 |
||
| 245 | 0 | 0 |
_aRecepty zo Života _czostavili a upravili: Soňa Hodulová, Ivica Ondrejičková _n8 _pPolievky. Jedlá z brančového a hovädzieho mäsa. Jedlá z hydiny a rýb. Bezmäsité jedlá. Koláče a iné sladkosti. Šaláty, nátierky. Z každého rožka troška |
| 250 | _a1. vyd. | ||
| 260 |
_aBratislava _bEuroskop-Ringier _c2003 |
||
| 300 |
_a155 s. _bfareb. fotogr. _c25 cm _e1 príl. |
||
| 500 | _aFareb. fotogr. na front. | ||
| 500 | _aZozn. receptov. Príloha: Register. Recepty zo Života 1-8. 19 s. | ||
| 500 | _aReg. zost. Ivica Ondrejičková. Autor fotogr. Vladimír Horecký | ||
| 650 | 0 | 7 |
_ajedlá _2SNK |
| 650 | 0 | 7 |
_akuchárske knihy _2SNK |
| 655 | 7 |
_apríručky _2SNK |
|
| 655 | 7 |
_akuchárske recepty _2SNK |
|
| 700 | 1 |
_aHodulová, Soňa _4com _4com |
|
| 700 | 1 |
_aOndreičková, Ivica _4com _4com |
|
| 910 | _asnk | ||
| 942 |
_2ddc _cOLDO _n0 |
||
| 949 |
_617A0423177 _9P60, <03>, [BOOK], {603}, -B- _asnkSC 91915/8 _bsnkKSP 10825/2003 _s6100:20140925 |
||
| 949 |
_617A0423178 _9P60, <03>, [BOOK], {603}, -B- _asnkSC 91915/8/príl. _bsnkKSP 10825/2003 _s6100:20201009 _s6707:20050101 |
||
| 949 |
_617A0434298 _9P60, <04>, [BOOK], {604} _asnkSC 91915/8 D1 _bsnkKSP 8210/2004 |
||
| 999 |
_c20672 _d20672 |
||